| 000 | 00613cam a22001571 4500 | ||
|---|---|---|---|
| 082 |
_a968.048 _bFUL |
||
| 100 | 1 |
_aFuller, J. F. C. _937121 |
|
| 245 | 1 | 4 |
_aThe last of the gentlemen's wars; _ba subaltern's journal of the war in South Africa, 1899-1902, _cby Major-General J. F. C. Fuller. |
| 260 |
_aLondon, _bFaber and Faber, limited _c[1937] |
||
| 300 |
_a304 p. _bincl. maps. front.(port.) plates, fold. map. _c23 cm. |
||
| 500 | _aIncludes index. | ||
| 526 |
_a0 _b0 _c0 _d968_048000000000000_FUL |
||
| 650 | 0 |
_aMCE _9379 |
|
| 650 | 0 |
_aSouth African War, 1899-1902 _xPersonal narratives. _946670 |
|
| 942 |
_2ddc _cBK |
||
| 999 |
_c552905 _d552905 |
||